[Event "Berlin Lichtenrade op 12th"]
[Site "Berlin"]
[Date "2016.10.22"]
[Round "1"]
[White "Sliwicka, Alicja"]
[Black "Kreutz, Ralf"]
[Result "1-0"]
[WhiteElo "2144"]
[BlackElo "1672"]
[PlyCount "89"]
[EventDate "2016.10.22"]
[EventType "swiss"]
[EventRounds "9"]
[EventCountry "GER"]
[SourceTitle "EXT 2018"]
[Source "ChessBase"]
[SourceDate "2017.10.13"]
[SourceVersion "1"]
[SourceVersionDate "2017.10.13"]
[SourceQuality "1"]

1. e4 e5 2. Nf3 Nc6 3. Bc4 Nf6 4. d3 d5 5. exd5 Nxd5 6. Qe2 Bg4 7. h3 Bxf3 8. Qxf3 Nf6 9. 0-0 Be7 10. Bb5 Qd5 11. Qxd5 Nxd5 12. Re1 f6 13. Bxc6+ bxc6 14. a3 0-0 15. Nd2 Bc5 16. Nb3 Bb6 17. c4 a5 18. cxd5 cxd5 19. a4 Rab8 20. Ra3 c5 21. Bd2 Ra8 22. Rc1 Rfc8 23. Be3 d4 24. Bd2 f5 25. Be1 e4 26. dxe4 fxe4 27. Nd2 Re8 28. Rb3 Rab8 29. Rb5 e3 30. fxe3 dxe3 31. Nc4 Bc7 32. Rxc5 Bf4 33. Rxa5 Rbc8 34. b3 Rf8 35. Rc2 Rcd8 36. Re2 Rfe8 37. Rf5 Bh6 38. Re5 Rxe5 39. Nxe5 Rd2 40. Kf1 Bf4 41. Ng4 Rd3 42. g3 Bg5 43. h4 Bd8 44. Rxe3 Rd4 45. Ne5 1-0

[Event "Kiel op-B 28th"]
[Site "Kiel"]
[Date "2015.07.26"]
[Round "4"]
[White "Kreutz, Ralf"]
[Black "Birkholz, Frank"]
[Result "1-0"]
[WhiteElo "1686"]
[BlackElo "1571"]
[PlyCount "47"]
[EventDate "2015.07.25"]
[EventType "swiss"]
[EventRounds "9"]
[EventCountry "GER"]
[SourceTitle "EXT 2017"]
[Source "ChessBase"]
[SourceDate "2016.10.25"]
[SourceVersion "1"]
[SourceVersionDate "2016.10.25"]
[SourceQuality "1"]

1. e4 c6 2. Nc3 d5 3. exd5 cxd5 4. d4 Nc6 5. Bf4 Nf6 6. Nb5 e5 7. dxe5 Ne4 8. e6 Bb4+ 9. c3 Ba5 10. exf7+ Kxf7 11. f3 Nf6 12. Bg5 Re8+ 13. Be2 a6 14. Nd4 Nxd4 15. Qxd4 Bb6 16. Qd3 Be6 17. 0-0-0 Rc8 18. Be3 Bxe3+ 19. Qxe3 Qa5 20. a3 Qa4 21. Qd4 Qb3 22. Bd3 Qa2 23. Ne2 Qa1+ 24. Kc2 1-0

[Event "Berlin Spring op-B"]
[Site "Berlin"]
[Date "2014.05.01"]
[Round "2"]
[White "Wobick, Oliver"]
[Black "Kreutz, Ralf"]
[Result "1-0"]
[WhiteElo "1803"]
[BlackElo "1524"]
[PlyCount "88"]
[EventDate "2014.05.01"]
[EventType "swiss"]
[EventRounds "7"]
[EventCountry "GER"]
[SourceTitle "CBM 160 Extra"]
[Source "ChessBase"]
[SourceDate "2014.07.01"]
[SourceVersion "1"]
[SourceVersionDate "2014.07.01"]
[SourceQuality "1"]

1. e4 e5 2. Nf3 Nc6 3. Bc4 d6 4. c3 Bg4 5. 0-0 Bxf3 6. Qxf3 Qf6 7. Qe2 a6 8. a4 Nge7 9. b4 Ng6 10. g3 Be7 11. d3 0-0 12. f4 exf4 13. Bxf4 Nxf4 14. Rxf4 Qg6 15. d4 Bg5 16. Rf1 Bf6 17. Ra2 Rae8 18. Bd3 Bd8 19. e5 Qe6 20. b5 Nb8 21. bxa6 bxa6 22. Rb2 Nd7 23. Bf5 Qd5 24. Bxd7 Re7 25. Bh3 dxe5 26. Bg2 Qd6 27. Qc4 exd4 28. cxd4 Re6 29. Nc3 Bf6 30. Nd5 Bd8 31. Nf4 Rf6 32. Re2 c6 33. Nd3 Bb6 34. Nc5 Rg6 35. Ref2 Qe7 36. Nxa6 Rd6 37. Nc5 Rxd4 38. Qxd4 Bxc5 39. Qc4 Bxf2+ 40. Rxf2 c5 41. Bd5 Qa7 42. Rxf7 Rxf7 43. Bxf7+ Qxf7 44. Qxf7+ Kxf7 1-0

[Event "Rostock SSC op 12th"]
[Site "Rostock"]
[Date "2013.07.31"]
[Round "2"]
[White "Raitza, Egon"]
[Black "Kreutz, Ralf"]
[Result "1/2-1/2"]
[WhiteElo "1856"]
[BlackElo "1573"]
[PlyCount "54"]
[EventDate "2013.07.31"]
[EventType "swiss"]
[EventRounds "7"]
[EventCountry "GER"]
[SourceTitle "EXT 2018"]
[Source "ChessBase"]
[SourceDate "2017.10.13"]
[SourceVersion "1"]
[SourceVersionDate "2017.10.13"]
[SourceQuality "1"]

1. d4 d5 2. c4 c6 3. Nf3 Nf6 4. Nc3 g6 5. e3 Bg4 6. h3 Bf5 7. Qb3 Qb6 8. c5 Qxb3 9. axb3 Nbd7 10. b4 Bg7 11. b5 0-0 12. b4 Ne4 13. Nxe4 Bxe4 14. bxc6 bxc6 15. b5 Nxc5 16. Ba3 Nb3 17. Ra2 cxb5 18. Bxb5 Rfc8 19. 0-0 Bxf3 20. gxf3 e5 21. Rb1 Na5 22. Bc5 Nc6 23. Bxc6 Rxc6 24. Rxa7 Rxa7 25. Bxa7 exd4 26. Rb8+ Bf8 27. Bxd4 f5 1/2-1/2